Catálogo de la Biblioteca Horacio González - Universidad Nacional de General Sarmiento

Primera antología del cine mudo argentino (Registro nro. 49583)

Detalles MARC
000 -CABECERA
campo de control de longitud fija 01947nac a22003970a 4500
001 - NÚMERO DE CONTROL
campo de control PT43736
003 - IDENTIFICADOR DEL NÚMERO DE CONTROL
campo de control AR-LpoUNG
005 - FECHA Y HORA DE LA ÚLTIMA TRANSACCIÓN
campo de control 20210201005436.0
008 - DATOS DE LONGITUD FIJA--INFORMACIÓN GENERAL
campo de control de longitud fija 201001ss.f.||||ag |||||||||||||||||spa d
040 ## - FUENTE DE LA CATALOGACIÓN
Centro catalogador/agencia de origen AR-LpoUNG
Lengua de catalogación spa
Normas de descripción aacr
041 ## - CÓDIGO DE LENGUA
Código de lengua del texto/banda sonora o título independiente spa
044 ## - CÓDIGO DEL PAÍS DE LA ENTIDAD EDITORA/PRODUCTORA
Código MARC del país ag
082 0# - NÚMERO DE LA CLASIFICACIÓN DECIMAL DEWEY
Número de clasificación 791.43 36d
245 10 - MENCIÓN DE TÍTULO
Título Primera antología del cine mudo argentino
250 ## - MENCIÓN DE EDICIÓN
Mención de edición 1ª ed.
260 ## - PUBLICACIÓN, DISTRIBUCIÓN, ETC.
Lugar de publicación, distribución, etc. Buenos Aires :
Nombre del editor, distribuidor, etc. INCAA,
Fecha de publicación, distribución, etc. s.f..
300 ## - DESCRIPCIÓN FÍSICA
Otras características físicas il., fot.
Extensión (3
Tipo de unidad Volúmenes)
490 0# - MENCIÓN DE SERIE
Mención de serie Mosaico criollo (Primera antología del cine mudo argentino)
505 0# - NOTA DE CONTENIDO CON FORMATO
Nota de contenido con formato Acompaña una colección de tres DVD's
520 ## - SUMARIO, ETC.
Sumario, etc. A más de cien años de la invención del cinematógrafo, la preservación del patrimonio audiovisual es todavía una asignatura pendiente. Aunque se han hecho progresos en el sentido de la creación de conciencia respecto del cine como parte de la herencia cultural nacional y de la necesidad de su conservación, el desarrollo de un marco legal, la capacitación profesional y la implementación de prácticas archivísticas modernas son aún tareas por hacerse. MOSAICO CRIOLLO es un aporte significativo en ese sentido, fruto de una iniciativa sin precedentes, tanto por el rango, calidad y cantidad de material propuesto, como también porque se trata de una experiencia inédita de colaboración entre archivos públicos y privados, instituciones estatales y empresas vinculadas a la preservación de nuestro patrimonio audiovisual.
650 #4 - PUNTO DE ACCESO ADICIONAL DE MATERIA--TÉRMINO DE MATERIA
Término de materia o nombre geográfico como elemento de entrada ARGENTINA
650 #4 - PUNTO DE ACCESO ADICIONAL DE MATERIA--TÉRMINO DE MATERIA
Término de materia o nombre geográfico como elemento de entrada INDUSTRIA CINEMATOGRAFICA
650 #4 - PUNTO DE ACCESO ADICIONAL DE MATERIA--TÉRMINO DE MATERIA
Término de materia o nombre geográfico como elemento de entrada PELICULAS
651 #4 - PUNTO DE ACCESO ADICIONAL DE MATERIA--NOMBRE GEOGRÁFICO
Nombre geográfico Argentina
653 ## - TÉRMINO DE INDIZACIÓN--NO CONTROLADO
Término no controlado CIENCIA FICCION
653 ## - TÉRMINO DE INDIZACIÓN--NO CONTROLADO
Término no controlado CIENCIA FICCION
653 ## - TÉRMINO DE INDIZACIÓN--NO CONTROLADO
Término no controlado CINE
653 ## - TÉRMINO DE INDIZACIÓN--NO CONTROLADO
Término no controlado CINE ARGENTINO
653 ## - TÉRMINO DE INDIZACIÓN--NO CONTROLADO
Término no controlado CINE MUDO
653 ## - TÉRMINO DE INDIZACIÓN--NO CONTROLADO
Término no controlado DOCUMENTALES
653 ## - TÉRMINO DE INDIZACIÓN--NO CONTROLADO
Término no controlado VIDEOS
710 2# - PUNTO DE ACCESO ADICIONAL--NOMBRE DE ENTIDAD CORPORATIVA
Nombre de entidad corporativa o nombre de jurisdicción como elemento de entrada Instituto Nacional de Cine y Artes Audiovisuales (Buenos Aires)
710 2# - PUNTO DE ACCESO ADICIONAL--NOMBRE DE ENTIDAD CORPORATIVA
Nombre de entidad corporativa o nombre de jurisdicción como elemento de entrada Museo del Cine Pablo Ducrós Hicken (Buenos Aires)
905 ## - ELEMENTOS DE DATOS E LOCAL, LDE (RLIN)
a 43736
942 ## - ELEMENTOS DE PUNTO DE ACCESO ADICIONAL (KOHA)
Tipo de ítem Koha Libro
Existencias
Estado de retiro Estado de pérdida Estado dañado No para préstamo Código de colección Localización permanente Ubicación/localización actual Fecha de adquisición Total de préstamos Signatura topográfica completa Código de barras Fecha visto por última vez Precio válido a partir de Tipo de ítem Koha
        Colección Cine Biblioteca Universidad Nacional de General Sarmiento Biblioteca Universidad Nacional de General Sarmiento 01/02/2021   791.43 36d 00050494 01/02/2021 01/02/2021 Libro